| 000 | 00705nam a2200253 a 4500 | ||
|---|---|---|---|
| 001 | nice12345678 | ||
| 003 | IN_TiNIC | ||
| 005 | 20260116013130.0 | ||
| 008 | 050524s1991 pena grp 000 0 eng | ||
| 020 |
_a0812261 _c288 |
||
| 082 | 0 | 0 |
_a398.20961 _bWEB |
| 100 | _aWebber, Sabra J | ||
| 245 |
_aRomancing the Real _b Folklore and Ethnographic Representation in North Afric |
||
| 260 |
_aPennsylvania _bUniversity of Pennsylvania _c1991 |
||
| 300 | _a293p | ||
| 500 | _aincludes index and biblioraphy | ||
| 505 | 2 | _aIndex | |
| 650 | _aFolk Literature-North Africa | ||
| 650 | _aSociology and Folklore | ||
| 700 | 1 | _aWebber, Sabra J | |
| 902 | _bSRS | ||
| 942 | _cBK | ||
| 999 |
_c9793 _d9793 |
||